ORAL ANATOMY ,HISTOLOGY AND EMBRYOLOGY. (Record no. 9831)

MARC details
000 -LEADER
fixed length control field 00343nam a22001457a 4500
020 ## - INTERNATIONAL STANDARD BOOK NUMBER
International Standard Book Number 978-0-7234-3551-8
082 ## - DEWEY DECIMAL CLASSIFICATION NUMBER
Classification number 611.0183,O15B
100 ## - MAIN ENTRY--PERSONAL NAME
Personal name BERKOVITZ ,B.K.B
245 ## - TITLE STATEMENT
Title ORAL ANATOMY ,HISTOLOGY AND EMBRYOLOGY.
250 ## - EDITION STATEMENT
Edition statement 4TH
260 ## - PUBLICATION, DISTRIBUTION, ETC. (IMPRINT)
Place of publication, distribution, etc EDINBURGH
Name of publisher, distributor, etc ELSEVIER
Year of Publication 2015
300 ## - PAGE DESCRIPTION
No. of Pages 398
650 ## - SUBJECT ADDED ENTRY--TOPICAL TERM
Topical term or geographic name as entry element ORAL PATHOLOGY
942 ## - ADDED ENTRY ELEMENTS (KOHA)
Source of classification or shelving scheme Dewey Decimal Classification
Koha item type Books
Holdings
Withdrawn status Lost status Source of classification or shelving scheme Damaged status Not for loan Home library Current library Shelving location Date acquired Vendor Name Cost, normal purchase price SGTU Bill Number Total Checkouts Full call number Accession No. (Barcode) Date last seen Bill Date Koha item type
    Dewey Decimal Classification     SGT Dental Library SGT Dental Library Reference Book 30/08/2016 ABC 2828.00 SGTU 6923   611.0183,O15B FD7392 30/08/2016   Books
    Dewey Decimal Classification     SGT Dental Library SGT Dental Library Reference Book 30/08/2016 ABC 2828.00 SGTU 6923   611.0183,O15B FD7393 30/08/2016   Books